000 00363nam a2200109Ia 4500
008 171204s9999 xx 000 0 und d
245 2 _aA Critique Of Creativity And Complexity: Deconstructing Cliches
245 _cDon Ambrose
260 _c2014
650 _xSPED 7-8 Curriculim for SPED
856 _uhttp://down.ebook777.com/017/ACriOfCreAndComDecCliByDonAmb.pdf
999 _c346613
_d346613